Textbook of family medicine : Companion handbook

The Handbook contains the core content of the parent text including handy charts and tables to summarize critical information. When less is more, and time is short, turn to the Textbook of Family Medicine Companion Handbook.

שמור ב:
מידע ביבליוגרפי
פורמט: ספר
שפה:Undetermined
יצא לאור: New York McGraw-Hill 2001
נושאים:
תגים: הוספת תג
אין תגיות, היה/י הראשונ/ה לתייג את הרשומה!
Thư viện lưu trữ: Trung tâm Học liệu Trường Đại học Cần Thơ
LEADER 00769nam a2200205Ia 4500
001 CTU_159382
008 210402s9999 xx 000 0 und d
020 |c 13.98 
082 |a 610 
082 |b T355 
245 0 |a Textbook of family medicine : 
245 0 |b Companion handbook 
245 0 |c Edited by John W. Saultz 
260 |a New York 
260 |b McGraw-Hill 
260 |c 2001 
520 |a The Handbook contains the core content of the parent text including handy charts and tables to summarize critical information. When less is more, and time is short, turn to the Textbook of Family Medicine Companion Handbook. 
650 |a Family medicine,Thuốc gia đình 
904 |i Trọng Hải 
980 |a Trung tâm Học liệu Trường Đại học Cần Thơ